| 000 | 00769nam a2200205 i 4500 | ||
|---|---|---|---|
| 001 | 180643 | ||
| 003 | ES-MaACL | ||
| 005 | 20230906221142.0 | ||
| 008 | 120619s1977 sp |||| | spa d | ||
| 080 | _a591.1(043) | ||
| 100 | 1 |
_aFlos Bassols, Rosa. _9150660 |
|
| 245 | 1 | 0 |
_aVariaciones plasmáticas de factores relacionadas a la adaptación durante el stress / _cpor Rosa Flos Bassols. |
| 260 |
_aBarcelona : _bUniversidad, Secretariado de Publicaciones, Intercambio Científico y Extensión Universitaria, _c1977. |
||
| 300 |
_a18 p. ; _c25 cm. |
||
| 502 | _aTesis-Universidad Barcelona (Extracto) | ||
| 504 | _aBibliografía: p. 14. | ||
| 650 | 4 |
_aFisiología animal. _9136121 |
|
| 710 | 2 |
_aUniversidad de Barcelona. _97141 |
|
| 852 |
_aES-MaACL _jE-15362(180) |
||
| 999 |
_c180643 _d180643 |
||